000 00367nam a2200097Ia 4500
008 180130s9999 xx 000 0 und d
245 _cCrowe, Marie; Luty, Sue
_aInterpersonal psychotherapy: a case study for the new IPT therapist
260 _c2014
300 _aBook title: Case studies in psychotherapy--Acession number C19075; pages 139-148
650 _aPSYCHOTHERAPY
999 _c353934
_d353934